Pension systems : a new focus (Record no. 181484)
[ view plain ]
| 000 -LEADER | |
|---|---|
| fixed length control field | 00458nam a2200181Ia 4500 |
| 008 - FIXED-LENGTH DATA ELEMENTS--GENERAL INFORMATION | |
| fixed length control field | 231217s9999 xx 000 0 und d |
| 020 ## - INTERNATIONAL STANDARD BOOK NUMBER | |
| International Standard Book Number | 8178812169 |
| 041 ## - LANGUAGE CODE | |
| Language code of text/sound track or separate title | English |
| 082 ## - DEWEY DECIMAL CLASSIFICATION NUMBER | |
| Classification number | 658.3253 KES;1 R |
| 100 ## - MAIN ENTRY--PERSONAL NAME | |
| Personal name | Kesiraju, Krishnaphani ed. |
| 245 #0 - TITLE STATEMENT | |
| Title | Pension systems : a new focus |
| 250 ## - EDITION STATEMENT | |
| Edition statement | 1st ed. |
| 260 ## - PUBLICATION, DISTRIBUTION, ETC. | |
| Date of publication, distribution, etc. | 2002 |
| Name of publisher, distributor, etc. | ICFAI Press |
| Place of publication, distribution, etc. | Hyderabad |
| 300 ## - PHYSICAL DESCRIPTION | |
| Extent | xi, 194 |
| 500 ## - GENERAL NOTE | |
| General note | Content page available |
| 650 ## - SUBJECT ADDED ENTRY--TOPICAL TERM | |
| Topical term or geographic name entry element | ICFAI |
| 942 ## - ADDED ENTRY ELEMENTS (KOHA) | |
| Koha item type | Books |
| Date last seen | Total checkouts | Full call number | Accession number | Uniform resource identifier | Cost, total (INR) price | Price effective from | Category | Lost status | Damaged status | Department | Withdrawn status | Home library | Current library | Shelving location | Entry date | Vendor | Cost, normal purchase price | Grants | Billnumber | Billdate | Currency symbol | Conversion rate | Discount | Old discount | Public note |
|---|---|---|---|---|---|---|---|---|---|---|---|---|---|---|---|---|---|---|---|---|---|---|---|---|---|
| 26/01/2024 | 658.3253 KES;1 R | 51195 | digital/contents/51195.pdf | 125.00 | 26/01/2024 | Books | Central Library | Central Library | Central Library | Central Library | 30/10/2008 | ICFAI Press | 125.00 | MBA | ICFAI/108/ICFAI/08-09/BLR | 13/11/2011 | RS | 1 | |||||||
| 26/01/2024 | 658.3253 KES;2 R1 | 72061 | digital/contents/51195.pdf | 38.00 | 26/01/2024 | Books | F-Block Annex | Central Library | Central Library | F-Block Library Annex | 29/12/2025 | ICFAI Press | 38.00 | MBA | 1993 | 20/05/2015 | RS | 1 | 72063 | ||||||
| 26/01/2024 | 658.3253 KES;3 | 72062 | digital/contents/51195.pdf | 38.00 | 26/01/2024 | Books | Central Library | Central Library | Central Library | Central Library | 29/12/2025 | ICFAI Press | 38.00 | MBA | 1993 | 21/05/2015 | RS | 1 | 72064 |
